000
00250nam a2200121Ia 4500
100
_a
#N/A
942
_c
BK
245
_a
STRUTS 2 with Hibernate 3 Project for beginners -SPD
260
_b
#N/A
082
_b
21975
546
_a
ENGLISH
999
_c
30810
_d
30810